01802nam a22003377a 4500003000400000005001700004008004100021040002200062082001500084100004000099245004400139260005700183300001800240366000800258490001000266505035100276505010700627505009000734505006900824505006500893650004600958650005201004650005101056650005001107650006101157650004601218700003601264942002601300999001501326952012301341OSt20230607105002.0221006b |||||||| |||| 00| 0 eng d cBiblioteca Lado V a779bS586e 9843aSilva Ferrer, Manueledirector aExtra Camara/bRevista de fotografía/ aVenezuelac2002bCentro Nacional de la Fotografía  c21x22cma84p. espa a24v2 aCamillus Farrand, pionero de la fotografía estereoscopia Foto-Estudio Dana: Una memoria de Caracas Pedro Duim: Un fotógrafo moderno Thea Segall, mas alla del asombro Decir desde la mudez de la imagen Siempre el documentalismo Tres por paisaje. Nuevos escenarios de la producción fotográfica en Venezuela tFotografía Venezolana  aLa montaña y los petalos Mapas abiertos Anamari Ekaton Sobre Weston y Modotti en Mexico tLibros aLas marcas humanas: Respuesta a Xiomara Jimenez Exposiciones, eventos y otrostNotas aFotografiar para descubrir, fotografiar para contartReflexiones aExposiciones, publicaciones, eventos, premios y otrostNotas 2Tesauro de Arte & ArquitecturaaARTE9703 2Tesauro de Arte & ArquitecturaaFOTOGRAFIA9702 2Tesauro de Arte & ArquitecturaaVENEZUELA9702 2Tesauro de Arte & ArquitecturaaEXPOSICIONES  2Tesauro de Arte & ArquitecturaaFOTOGRAFIA INTERNACIONAL 2Tesauro de Arte & ArquitecturaaESPAÑOL aNavarreta, Jose Antonioeeditor 2ddcc1h779iS586en0 c3802d3802 00102ddc3240708RevistasaLVbLVd2023-06-07h24i002864l0o779 S586ep002864r2023-06-07 00:00:00w2023-06-07y1